| 000 | 01317cad a22002295a 4500 | ||
|---|---|---|---|
| 001 | L142411 | ||
| 008 | 080212e20080201xxk f 000 0 eng d | ||
| 035 | _a(Sirsi) u142411 | ||
| 041 | 0 | _aeng | |
| 050 | 0 | 4 | _a711.1 $2 18 |
| 110 | 1 |
_aUnited Kingdom _bDepartment for Communities and Local Government _94939 |
|
| 245 | 0 | 0 |
_aSustainable Communities Act 2007 _ba guide _h[electronic resource] |
| 260 |
_aLondon _bDCLG _c2008 |
||
| 520 | _aProvides an overview of the Sustainable Communities Act 2007 (see L141344) and describes the process by which it will be implemented. Describes how it is intended to influence local communities and proposals by local authorities. Covers its proposals about regulations, which are to be made by the Secretary of State for Communities. Describes the benefit of local spending reports and sustainable community strategies. Provides an outline timetable for the Act's implementation. | ||
| 521 | 2 | _aAdvanced | |
| 590 | _aKA | ||
| 650 | 2 | 4 | _aSUSTAINABLE COMMUNITIES ACT 2007 |
| 651 | 4 |
_aUnited Kingdom _y |
|
| 690 | _aENVIRONMENTAL AND LAND CONSULTANCY-PLANNING AND DEVELOPMENT-STRATEGIC PLANNING | ||
| 856 | 4 | 0 |
_uhttps://www.communities.gov.uk/publications/localgovernment/sustainablecommunitiesact?version=1 _zView the Act free of charge at www.communities.gov.uk... |
| 942 | _n0 | ||
| 999 |
_c107883 _d107883 |
||